00713 a2200229 45000010005000000030035000050050017000400080041000570400044000980800010001420820010001520900020001621000021001822400048002032600033002513000009002843620013002936500031003069520097003372450034004349990015004689244Complexo Educacional Contemporaneo20230919130222.0201130s[--- r por d aComplexo Educacional Contemporaneobpor a82-93 a82-93 a82-93 M946mbAP aMueller, Suzanna10aO Mundo Colorido da CriançalPortuguês  aRio de JaneirobFasec[---?] a57p.0 a([---?]) 4aLiteratura Infanto Juvenil 00102udc4070a46.4b46.4d2020-11-30l0p133519r2023-09-19 13:02:22t1w2023-09-19yBKu10aO Mundo Colorido da Criança c9244d9244